Liam Neeson needs revenge. Quiz Stats

 Plays Quiz not verified by Sporcle

Score 0/15 Timer 08:00
0 Plays Today
% Correct
Taken
60.6%
The A Team
57.1%
Ted 2
56%
The Grey
54.3%
Non-Stop
52%
The Commuter
50.9%
Taken 2
49.7%
Cold Pursuit
49.7%
% Correct
Rob Roy
47.4%
A Walk Among the Tombstones
44.6%
Darkman
40.6%
Taken 3
39.4%
The Dead Pool
37.1%
Next of Kin
34.9%
Run All Night
30.3%

You're not logged in!

Compare scores with friends on all Sporcle quizzes.
OR
Log In

Show Comments

Extras

Top Quizzes Today


Score Distribution

Your Account Isn't Verified!

In order to create a playlist on Sporcle, you need to verify the email address you used during registration. Go to your Sporcle Settings to finish the process.

Report this User

Report this user for behavior that violates our Community Guidelines.

Details: